Reinforcing salt tolerance of marjoram plants by foliar application of putrescine (Record no. 56187)
[ view plain ]
| 000 -LEADER | |
|---|---|
| fixed length control field | 02068cab a2200301Ia 45 0 |
| 001 - CONTROL NUMBER | |
| control field | u205389 |
| 003 - CONTROL NUMBER IDENTIFIER | |
| control field | SIRSI |
| 008 - FIXED-LENGTH DATA ELEMENTS--GENERAL INFORMATION | |
| fixed length control field | 131001s2003 ua ss b eng d |
| 040 ## - CATALOGING SOURCE | |
| Original cataloging agency | EAL |
| 041 ## - LANGUAGE CODE | |
| Language code of text/sound track or separate title | eng |
| Language code of summary or abstract | ara |
| 090 ## - LOCALLY ASSIGNED LC-TYPE CALL NUMBER (OCLC); LOCAL CALL NUMBER (RLIN) | |
| Classification number (OCLC) (R) ; Classification number, CALL (RLIN) (NR) | ART MUJAS V28 NO4 45 |
| 100 1# - MAIN ENTRY--PERSONAL NAME | |
| Personal name | Ghallab, A.M. |
| 240 10 - UNIFORM TITLE | |
| Uniform title | Mansoura university journal of agricultural sciences, 2003 v. 28 (4) |
| Medium | [electronic resource]. |
| 245 10 - TITLE STATEMENT | |
| Title | Reinforcing salt tolerance of marjoram plants by foliar application of putrescine |
| Medium | [electronic resource]. |
| 246 15 - VARYING FORM OF TITLE | |
| Title proper/short title | زيادة تحمل نباتات البردقوش للملوحة باستخدام الرش بالبتروسين. |
| 300 ## - PHYSICAL DESCRIPTION | |
| Extent | p.2987-3004 |
| 504 ## - BIBLIOGRAPHY, ETC. NOTE | |
| Bibliography, etc. note | Includes references. |
| 520 ## - SUMMARY, ETC. | |
| Summary, etc. | The aim of the present work was to study the effectiveness foliar application of putrescine [0.0, 10, 15 and 20 f.lM] in improving the salinity tolerance of marjoram plants. Marjoram plants grown under different levels of salinity [0.0, 10, 25 and 40% of sea water]. For this reason two pot experiments were conducted during 2001 and 2002 seasons. The obtained results clearly confirmed the absolute superiority of foliar application of 10 1..1 M putrescine treatment, which significantly increased plant height, number of branches/plant, herb fresh and dry weight /plant, essential oil percentage [ml/100 g F.W] and oil yield [ml/plant] under norm~l or saline conditions up to 25% sea water. The data also revealed that tolerance, which was much pronounced as a result of foliar application of 10 llM treatment, was more negative osmotic potentials (Osmotic Adjustment) through the accumolation of much more quantities of inorganic osmotica, |
| 546 ## - LANGUAGE NOTE | |
| Language note | Summary in Arabic. |
| 596 ## - | |
| -- | 1 |
| 650 #0 - SUBJECT ADDED ENTRY--TOPICAL TERM | |
| Topical term or geographic name entry element | Medicinal plants. |
| 650 #0 - SUBJECT ADDED ENTRY--TOPICAL TERM | |
| Topical term or geographic name entry element | Aromatic plants |
| General subdivision | Fertilizers. |
| 650 #0 - SUBJECT ADDED ENTRY--TOPICAL TERM | |
| Topical term or geographic name entry element | Putrescine. |
| 650 #3 - SUBJECT ADDED ENTRY--TOPICAL TERM | |
| Topical term or geographic name entry element | marjoram. |
| 700 1# - ADDED ENTRY--PERSONAL NAME | |
| Personal name | EI-Ghadban, E.A.E. |
| 773 0# - HOST ITEM ENTRY | |
| Title | Mansoura University Journal of Agricultural Sciences. |
| Related parts | 2003.v.28(4) |
| International Standard Serial Number | 1110-0346 |
| Control subfield | nnas |
| Record control number | u182197 |
| 856 40 - ELECTRONIC LOCATION AND ACCESS | |
| Uniform Resource Identifier | <a href="http://nile.enal.sci.eg/EALE/2003/MUJAS/2803/4/2987.pdf">http://nile.enal.sci.eg/EALE/2003/MUJAS/2803/4/2987.pdf</a> |
| Public note | Full Text Article. |
| 942 ## - ADDED ENTRY ELEMENTS (KOHA) | |
| Koha item type | Articles |
| Source of classification or shelving scheme | Library of Congress Classification |
No items available.